| 000 | 00949cab a2200277 4500 | ||
|---|---|---|---|
| 001 | ABS51857 | ||
| 008 | 090401t1994 xxu||||| |||| 00| 0 eng d | ||
| 035 | _a(Sirsi) u47213 | ||
| 041 | _aeng | ||
| 100 | _aGamble, B. | ||
| 245 | _aForestry investment: why investors should branch out | ||
| 260 | _c1994 | ||
| 350 | _a0 | ||
| 490 |
_aAccountancy _v114(1216) December 1994, 48-49(2) |
||
| 520 | _aConsiders the revisions to grant schemes for forestry planting and management, announced by government in response to the Forestry Review Group recommendations and examines changes in the management and operation of the Forestry Commission. | ||
| 650 | _aFORESTRY COMMISSION | ||
| 650 | _aFORESTRY INCENTIVES | ||
| 650 | _aFORESTRY INVESTMENT | ||
| 650 | _aFORESTRY PLANTING | ||
| 650 | _aFORESTRY REVIEW GROUP | ||
| 650 | _aPERFORMANCE | ||
| 650 | _aTIMBER PRICES | ||
| 690 | _aRURAL PRACTICE | ||
| 942 | _n0 | ||
| 948 | _c04/03/1997 | ||
| 999 |
_c29779 _d29779 |
||